Quản trị hành chính văn phòng
Vai trò của văn phòng trong một tổ chức, những nguyên tắc và thực tiễn chung về quản trị hành chính văn phòng; Dịch vụ và phương pháp văn phòng; Nguyên tắc cơ bản của thông tin liên lạc và kiểm soát công việc văn phòng cùng những dự đoán ve...
保存先:
| 第一著者: | |
|---|---|
| フォーマット: | 図書 |
| 言語: | Undetermined |
| 出版事項: |
Hà Nội
Thống Kê
2004
|
| 主題: | |
| タグ: |
タグ追加
タグなし, このレコードへの初めてのタグを付けませんか!
|
| Thư viện lưu trữ: | Trung tâm Học liệu Trường Đại học Cần Thơ |
|---|
| LEADER | 00969nam a2200205Ia 4500 | ||
|---|---|---|---|
| 001 | CTU_88797 | ||
| 008 | 210402s9999 xx 000 0 und d | ||
| 020 | |c 45500 | ||
| 082 | |a 658 | ||
| 082 | |b H342 | ||
| 100 | |a Harvey, Mike | ||
| 245 | 0 | |a Quản trị hành chính văn phòng | |
| 245 | 0 | |c Mike Harvey; Cao Xuân Đỗ dịch | |
| 260 | |a Hà Nội | ||
| 260 | |b Thống Kê | ||
| 260 | |c 2004 | ||
| 520 | |a Vai trò của văn phòng trong một tổ chức, những nguyên tắc và thực tiễn chung về quản trị hành chính văn phòng; Dịch vụ và phương pháp văn phòng; Nguyên tắc cơ bản của thông tin liên lạc và kiểm soát công việc văn phòng cùng những dự đoán về vai trò của văn phòng trong tương lai | ||
| 650 | |a Management | ||
| 904 | |i Trúc Phương,Hải | ||
| 980 | |a Trung tâm Học liệu Trường Đại học Cần Thơ | ||